Collins: diccionario español-inglés, inglés-español
Збережено в:
| Автор: | |
|---|---|
| Формат: | Книга |
| Мова: | Іспанська Англійська |
| Опубліковано: |
Barcelona
Grijalbo
1997
|
| Редагування: | 5a. ed |
| Предмети: | |
| Теги: |
Додати тег
Немає тегів, Будьте першим, хто поставить тег для цього запису!
|
MARC
| LEADER | 00000nam a2200000 a 4500 | ||
|---|---|---|---|
| 001 | UCP0967 | ||
| 003 | CL-VaPUC | ||
| 008 | 990326e19970000SP |||||||||||||||||spa|d | ||
| 041 | 0 | 7 | |a spa |2 CL-VaPUC |
| 041 | 0 | 7 | |a eng |2 CL-VaPUC |
| 082 | 0 | 4 | |a 463.21 |b SMI |2 21 |
| 100 | 0 | |a Smith, Colin |e author |9 426663 | |
| 245 | 1 | 0 | |a Collins: diccionario español-inglés, inglés-español |
| 246 | 1 | 0 | |a Collins: spanish-english, english-spanish |
| 250 | |a 5a. ed | ||
| 300 | |a 1679 p | ||
| 942 | |c BK | ||
| 945 | |d 19990326 00:00:00 |a rbrito | ||
| 260 | |a Barcelona |b Grijalbo |c 1997 | ||
| 500 | |a Incluye CD | ||
| 650 | 0 | |a Español |9 255372 | |
| 650 | 0 | |a Inglés |9 260023 | |
| 650 | 0 | |a Diccionarios |9 256200 | |
| 583 | |a last modification |c 19990326 00:00:00 |k Rodrigo Vera | ||
| 999 | |c 279693 |d 279691 | ||
| 952 | |0 0 |1 0 |4 0 |6 463_210000000000000_SMI_1997 |7 0 |8 X |9 319366 |a BIBEDU |b BIBEDU |d 2019-11-20 |i 3506444 |l 1 |o 463.21 SMI 1997 |p 3506444 |r 2023-01-13 |s 2022-04-13 |w 2019-11-20 |y BK_X |k CIT | ||
| 952 | |0 0 |1 0 |4 0 |6 463_210000000000000_SMI_1997 |7 0 |8 F |9 319367 |a BIBENE |b BIBENE |d 2019-11-20 |i 3558053 |o 463.21 SMI 1997 |p 3558053 |r 2025-01-15 |w 2019-11-20 |y BK_F |k ICO | ||
| 952 | |0 0 |1 0 |4 0 |6 463_210000000000000_SMI_1997 |7 0 |8 X |9 319368 |a BIBEDU |b BIBEDU |d 2019-11-20 |i 3590550 |l 1 |o 463.21 SMI 1997 |p 3590550 |r 2023-01-13 |s 2022-04-13 |w 2019-11-20 |y BK_X |k CIT | ||
| 952 | |0 0 |1 0 |4 0 |6 463_210000000000000_SMI_1997 |7 0 |8 X |9 319369 |a BIBCUR |b BIBCUR |d 2019-11-20 |i 4588371 |o 463.21 SMI 1997 |p 4588371 |r 2025-04-22 |w 2019-11-20 |y BK_X |k PER | ||